| 000 | 00371nam a2200157 4500 | ||
|---|---|---|---|
| 008 | 190319s1986||||xo d | ||
| 100 | 1 |
_a _9975 |
|
| 245 | 1 | 0 | _aMetodická prírucka na vyucovanie SJal 4. rocník |
| 250 | _a1. vydanie | ||
| 260 |
_bSPN _aBratislava _c1986 |
||
| 300 | _a296 s. | ||
| 020 | _c0 | ||
| 041 | 1 | _aslo | |
| 044 |
_axo _cSK |
||
| 958 | _aAPR | ||
| 999 |
_c22236 _d22236 |
||